Harry Potter Professors Quiz Stats

 Plays Quiz not verified by Sporcle

Challenge
Share
Tweet
Embed
Score 0/13 Timer 15:00
0 Plays Today
Hint Professor Name % Correct
In HP6 he taught Defense Against the Dark Arts; head of Slytherin HouseSnape
96.6%
Head of Ravenclaw House; teaches CharmsProfessor Flitwick
93.1%
Gamekeeper and Care of Magical Creatures teacherHagrid
93.1%
Head of Gryffindor House. She teaches TransfigurationMcGonagall
86.2%
Head of Hufflepuff House. She teaches HerbologyProfessor Sprout
82.8%
Headmaster of Hogwarts from HP1-HP6. Killed by Professor SnapeDumbledore
75.9%
Potions teacher. 2 stints at HogwartsSlughorn
62.1%
Durmstrang headmaster in HP4.Karkaroff
62.1%
Flying Teacher and main referee of QuidditchMadam Hooch
55.2%
History of Magic teacher. Only ghost teacher at Hogwarts.Professor Binns
41.4%
Beauxbatons headmaster in HP4. She has a crush on Hagrid.Madame Maxime
41.4%
Substitute Care of Magical Creatures teacher in HP4Professor Grubbly-Plank
34.5%
Divination teacher. Ron Weasley calls her a fraud in HP3.Sibyll Trelawney
34.5%

You're not logged in!

Compare scores with friends on all Sporcle quizzes.
OR
Log In

You Might Also Like...

Show Comments

Extras

Created Apr 23, 2016ReportNominate
Tags:AP Literature

Top Quizzes Today


Score Distribution

Your Account Isn't Verified!

In order to create a playlist on Sporcle, you need to verify the email address you used during registration. Go to your Sporcle Settings to finish the process.

Report this User

Report this user for behavior that violates our Community Guidelines.

Details: